English for the teacher : a language development course
Saved in:
| Main Author: | |
|---|---|
| Format: | Book |
| Language: | English |
| Published: |
Great Britain :
Cambridge University Press,
1994
|
| Series: | Cambridge teacher training and development
|
| Tags: |
Add Tag
No Tags, Be the first to tag this record!
|
MARC
| LEADER | 00000nam a2200000 i 4500 | ||
|---|---|---|---|
| 001 | 1/23827 | ||
| 008 | 960715s1994 eng d | ||
| 020 | |a 0-521-42676-6 | ||
| 035 | |l 10022159 | ||
| 040 | |a GR-MY-UA |b gre |e aacr | ||
| 041 | 0 | |a eng | |
| 082 | 0 | |a 428.007 | |
| 100 | 1 | |a Spratt, Mary. | |
| 245 | 1 | 0 | |a English for the teacher : |b a language development course / |c Mary Spratt |
| 260 | |a Great Britain : |b Cambridge University Press, |c 1994 | ||
| 300 | |a 158 p. | ||
| 490 | 1 | |a Cambridge teacher training and development | |
| 830 | 0 | |a Cambridge teacher training and development | |
| 852 | |a INST |b CHIOS |e 19960715 |h 428.007 SPR |p 005200001512 |q 005200001512 |t BK |y 0 | ||
| 909 | |a Χ |b 040695 | ||